书目信息 |
| 题名: |
辩证唯物主义常识
|
|
| 作者: | ;中小学通用教材政治编写组 编 | |
| 分册: | 下册 | |
| 出版信息: | 北京 人民教育出版社 1978 |
|
| 页数: | 65页 | |
| 开本: | 20cm | |
| 丛书名: | ||
| 单 册: | ||
| 中图分类: | G633.21 | |
| 科图分类: | ||
| 主题词: | 教育--各级 | |
| 电子资源: | ||
| ISBN: | ||
| 000 | 00741nam0 2200217 450 | |
| 001 | 0738806287 | |
| 005 | 20070930104942.78 | |
| 010 | @dCNY0.14 | |
| 100 | @a20070930d1978 km y0chiy0120 ea | |
| 101 | 0 | @achi |
| 102 | @aCN@b110000 | |
| 102 | @aCN@b110000 | |
| 200 | 1 | @a辩证唯物主义常识@Abian zheng wei wu zhu yi chang shi@h下册@f中小学通用教材政治编写组编@Fzhong xiao xue tong yong jiao cai zheng zhi bian xie zu bian |
| 210 | @a北京@c人民教育出版社@d1978 | |
| 215 | @a65页@d20cm | |
| 300 | @a全日制十年制学校高中课本 试用本 | |
| 606 | 0 | @a教育@x各级 |
| 690 | @aG633.21@v3 | |
| 711 | 0 | @a中小学通用教材政治编写组@Azhong xiao xue tong yong jiao cai zheng zhi bian xie zu@4编 |
| 801 | 0 | @aCN@bPFT@c20070930 |
| 905 | @a10447@dG633.21@e128:2 | |
| 辩证唯物主义常识.下册/中小学通用教材政治编写组编.-北京:人民教育出版社,1978 |
| 65页;20cm |
| 全日制十年制学校高中课本 试用本 |
| ISBN :CNY0.14 |
| ● |
| 相关链接 |
|
|
|
|
正题名:辩证唯物主义常识
索取号:G633.21/128:2
 
预约/预借
| 序号 | 登录号 | 条形码 | 馆藏地/架位号 | 状态 | 备注 |
| 1 | 609935 | 206099354 | 密集书库/ [索取号:G633.21/128:2] | 在馆 |